000 00720nam a2200229Ia 4500
001 15505
003 GE_BSU
008 181216s||||||||xx |||||||||||||| ||und||
040 _cGE_BSU
080 _a821.353.1-31
100 _aჩხეიძე,ბორის
245 _aმწვანე ხოდაბუნი
245 _bრომანი
245 _cრედ. პლ.ბებია. მხატვ.ი.გორდელაძე
260 _aთბილისი
260 _bსაბჭოთა საქართველო
260 _c1960
300 _a280გვ.20სმ.
653 _aმწვანე ხოდაბუნი
653 _aრომანი
942 _cBK
999 _c48605
_d48605